Actors By Last Name - Statistics

General Stats
  • This quiz has been taken 282 times
  • The average score is 8 of 11
Answer Stats
Hint Answer % Correct
Cruise Tom
98%
Freeman Morgan
97%
Sandler Adam
94%
Cage Nicholas
91%
Hader Bill
86%
Smith Will
83%
Newman Paul
67%
Lee Bruce
58%
Johnson Dwayne
48%
Sudekis Jason
45%
James Kevin
23%
No matching quizzes found
Score Distribution
Percent of People with Each Score
Percentile by Number Answered
Your Score History
You have not taken this quiz